00311nam a2200121Ia 45000030006000000080041000060400015000471000023000622450042000852600033001275460012001600050017001720STCL150530s9999 xx 000 0 und d aSTCLcSTCL aHardy; Avasthi; Ed aThomas Hardy:The return of the native bLakshmi Narain Agarwalc1960 aEnglish20220125170859.0